Dal ; Jelenlét ; A főpap fia ; Ha ; Antegor [vers] /

Elmentve itt :
Bibliográfiai részletek
Szerző: Miłosz Czesław
További közreműködők: Vörös István
Dokumentumtípus: Cikk
Megjelent: 2012
Sorozat:Tiszatáj 66 No. 4
Kulcsszavak:Lengyel irodalom - vers
Online Access:http://tiszataj.bibl.u-szeged.hu/21330
LEADER 00635nab a2200193 i 4500
001 tisza21330
005 20200331093435.0
008 161124s2012 hu o 0|| hun d
022 |a 0133-1167 
040 |a SZTE Tiszatáj Archívum  |b hun 
041 |a hun 
100 1 |a Miłosz Czesław 
245 1 4 |a Dal ; Jelenlét ; A főpap fia ; Ha ; Antegor   |h [elektronikus dokumentum] :  |b [vers] /  |c  Miłosz Czesław 
260 |c 2012 
300 |a 6-9 
490 0 |a Tiszatáj  |v 66 No. 4 
695 |a Lengyel irodalom - vers 
700 0 1 |a Vörös István 
856 4 0 |u http://tiszataj.bibl.u-szeged.hu/21330/1/tiszataj_2012_004_006-009.pdf  |z Dokumentum-elérés